| 000 | 01557cam a2200469 i 4500 | ||
|---|---|---|---|
| 001 | 6383 | ||
| 003 | FISKH | ||
| 005 | 20250428085744.0 | ||
| 008 | 140527s2014 maua a 000 1 eng | ||
| 010 | _a 2013363389 | ||
| 020 | _a9780763670733 | ||
| 020 | _a9780545332828 | ||
| 040 |
_aDLC _beng _erda _cDLC |
||
| 050 | _aPZ7.R71867 W | ||
| 082 | _a823.914 | ||
| 100 | 1 |
_aRosen, Michael, _d1946- |
|
| 245 | 1 | 0 |
_aWe're going on a bear hunt / _cMichael Rosen ; Helen Oxenbury. |
| 250 | _aFirst Scholastic printing, January 2011 | ||
| 260 |
_aNew York ; _bScholastic, _c1989. |
||
| 300 |
_a32 pages : _bcolor illustrations ; _c22 x 25 cm |
||
| 336 |
_atext _btxt _2rdacontent |
||
| 336 |
_astill image _2rdacontent |
||
| 337 |
_aunmediated _bn _2rdamedia |
||
| 338 |
_avolume _bnc _2rdacarrier |
||
| 500 | _a"25th anniversary." | ||
| 500 | _aOn board pages, with a 12-piece jigsaw puzzle embedded in each of seven pages. | ||
| 505 | _aE | ||
| 520 | _aBrave bear hunters go through grass, a river, mud, and other obstacles before the inevitable encounter with the bear forces a headlong retreat. | ||
| 521 |
_a280
_bLexile |
||
| 521 |
_aE
_bRaz-Plus |
||
| 650 | 0 |
_aToy and movable books _vSpecimens. |
|
| 650 | 1 |
_aBears _vFiction. |
|
| 650 | 1 |
_aHunting _vFiction. |
|
| 650 | 1 | _aJigsaw puzzles. | |
| 650 | 1 | _aPuzzles. | |
| 650 | 1 | _aBoard books. | |
| 650 | 1 | _aToy and movable books. | |
| 700 | 1 |
_aOxenbury, Helen, _eillustrator. |
|
| 906 |
_a7 _bcbc _corignew _d2 _encip _f20 _gy-gencatlg |
||
| 942 |
_2ddc _cBK _n0 |
||
| 999 |
_c6383 _d6383 |
||